| Tag |
First Indicator |
Second Indicator |
Subfields |
| LEADER |
00000pam a2200000 a 4500 |
| 001 |
in00000470607 |
| 005 |
20151012171203.0 |
| 008 |
820726s1982 miuab 00010 eng |
| 010 |
|
|
|a 82014569
|
| 019 |
|
|
|a 9287394
|
| 020 |
|
|
|a 0879078561 (pbk.)
|
| 035 |
|
|
|a (OCoLC)08689551
|
| 035 |
|
|
|9 ACA0449AM
|
| 039 |
0 |
|
|a 2
|b 3
|c 3
|d 3
|e 3
|
| 040 |
|
|
|a DLC
|c DLC
|d TXA
|d UtOrBLW
|
| 043 |
|
|
|a e-ie---
|a e-uk-ni
|
| 049 |
|
|
|a TXAM
|c [1407655]
|
| 050 |
0 |
0 |
|a BX2900 Z5
|b I733 1982
|
| 082 |
0 |
|
|a 271/.12/0415
|2 19
|
| 100 |
1 |
|
|a Carville, Geraldine.
|
| 245 |
1 |
4 |
|a The occupation of Celtic sites in medieval Ireland by the Canons Regular of St. Augustine and the Cistercians /
|c by Geraldine Carville.
|
| 264 |
|
1 |
|a Kalamazoo, Mich. :
|b Cistercian Publications,
|c 1982.
|
| 300 |
|
|
|a ix, 158 pages :
|b illustrations, maps ;
|c 22 cm.
|
| 336 |
|
|
|a text
|b txt
|2 rdacontent
|
| 337 |
|
|
|a unmediated
|b n
|2 rdamedia
|
| 338 |
|
|
|a volume
|b nc
|2 rdacarrier
|
| 490 |
1 |
|
|a Cistercian studies series ;
|v no. 56
|
| 504 |
|
|
|a Includes bibliographical references.
|
| 610 |
2 |
0 |
|a Augustinian Canons
|z Ireland.
|
| 610 |
2 |
0 |
|a Cistercians
|z Ireland.
|
| 650 |
|
0 |
|a Abbeys
|z Ireland.
|
| 650 |
|
0 |
|a Ecclesiastical geography
|z Ireland.
|
| 650 |
|
0 |
|a Celts
|z Ireland.
|
| 651 |
|
0 |
|a Ireland
|x Church history
|y 600-1500.
|
| 830 |
|
0 |
|a Cistercian studies series ;
|v no. 56.
|
| 999 |
|
|
|a MARS
|
| 999 |
f |
f |
|s a06250c4-60c5-3e68-a545-5d8f3fc23330
|i 4260222b-8a2d-3154-a06b-ed85a9da6a8a
|t 0
|
| 952 |
f |
f |
|p ric
|a Texas A&M University
|b Rellis Campus
|c Joint Library Facility
|d Remote Storage
|t 0
|e BX2900 Z5 I733 1982
|h Library of Congress classification
|i unmediated -- volume
|m A14806459107
|
| 998 |
f |
f |
|a BX2900 Z5 I733 1982
|t 0
|l Remote Storage
|